01096nam a22002777a 4500008004100000020001500041050002000056100003400076245007500110250001800185260004100203300001800244336001000262337001400272338001400286500009300300504006900393650003500462650003900497650007400536700003700610700004100647942001200688952010100700999001700801160111s2000 mx ||||fr|||| ||1 | spa d a968426605704aRC480bB45 20001 aBellak, Leopoldeautor91235210aManual de psicoterapia breve, intensiva y de urgenciac/Leopold Bellak a2a. edición3 aMéxicob :El Manual Modernoc,2000 a226 páginas atexto asin medio avolúmen aEducación Mixta Psicología/ Psicoterapia breve y de emergencia (P22-01)/ (13 003494) aContiene referencias p.p. 213-220 Contiene índice p.p. 221-22610vMANUALESxPSIQUIATRÍA91235320xEMERGENCIAS PSIQUIÁTRICAS91235430vMANUALESxINTERVENCIÓN EN CRISIS (SERVICIOS DE SALUD MENTAL)9123551 aAbrams, David M.ecoautor912356 aJanson, Horts Woldemareautor912357 2lcccLB 00102lcc4070a13b13d2016-01-11l0oRC480 B45 2000p13 003494r2019-07-11t1w2016-01-11yLB c98697d98697